| 000 | 00904nam a22002177a 4500 | ||
|---|---|---|---|
| 999 |
_c2616 _d2616 |
||
| 003 | AR-CdUCM | ||
| 008 | 190305b ||||| |||| 00| 0 spa d | ||
| 040 |
_aMUNICIPALIDAD PROVINCIAL DEL CUSCO _cBIBLIOTECA MUNICIPAL DEL CUSCO |
||
| 082 |
_a331.1 / _bG18 |
||
| 100 |
_aGalenson,Walter (compilador) _99209 |
||
| 245 | _aLa clase obrera y el desarrollo económico / | ||
| 260 |
_aMéxico, D.F : _bCentro Regional de Ayuda Técnica, Agencia para el Desarrollo Internacional, _c1964. |
||
| 300 |
_a405 paginas ; _c23 cm. |
||
| 505 | _aAntecedentes económicos y culturales -- Norma del desarrollo industrial -- El clima para el desarrollo industrial -- Formación de la fuerza de trabajo industrial ... | ||
| 650 |
_aDesarrollo económico y trabajo _99210 |
||
| 650 |
_aTrabajo y trabajadores _99211 |
||
| 650 |
_aDerecho laboral _95297 |
||
| 650 |
_aHistoria _9136 |
||
| 942 |
_2ddc _cLIBROS |
||
| 945 | _aacv | ||